| Tag |
First Indicator |
Second Indicator |
Subfields |
| LEADER |
00000cam a22000004a 4500 |
| 001 |
in00001628521 |
| 005 |
20151023063031.0 |
| 008 |
001130s2001 miua b s001 0 eng |
| 010 |
|
|
|a 00012729
|
| 020 |
|
|
|a 0472097474
|
| 020 |
|
|
|a 0472067478 (pbk.)
|
| 035 |
|
|
|a (OCoLC)ocm45466090
|
| 040 |
|
|
|a DLC
|c DLC
|d C#P
|d VVC
|d UtOrBLW
|
| 042 |
|
|
|a pcc
|
| 043 |
|
|
|a n-us---
|
| 049 |
|
|
|a TXAM
|
| 050 |
0 |
0 |
|a HD6061.2.U6
|b S72 2001
|
| 082 |
0 |
0 |
|a 331.4/2153/0973
|2 21
|
| 245 |
0 |
0 |
|a Squaring up :
|b policy strategies to raise women's incomes in the United States /
|c edited by Mary C. King.
|
| 246 |
3 |
0 |
|a Policy strategies to raise women's incomes in the United States
|
| 264 |
|
1 |
|a Ann Arbor :
|b University of Michigan Press,
|c [2001]
|
| 264 |
|
4 |
|c ©2001
|
| 300 |
|
|
|a viii, 284 pages :
|b illustrations ;
|c 23 cm.
|
| 336 |
|
|
|a text
|b txt
|2 rdacontent
|
| 337 |
|
|
|a unmediated
|b n
|2 rdamedia
|
| 338 |
|
|
|a volume
|b nc
|2 rdacarrier
|
| 505 |
0 |
|
|a Why we need policies to raise women's incomes / Mary C. King -- Moving beyond "get a job": what real welfare reform would look like / Randy Albelda, Chris Tilly -- What would we gain by subsidizing child care? / Barbara R. Bergmann -- Public support for parents / Nancy Folbre -- Are older women economically secure? : reforming Social Security / Lois B. Shaw, Catherine Hill -- Raising the minimum wage and living wage campaigns / Deborah M. Figart -- Pay equity: did it work? / Margaret Hallock -- Just ask: women's strengths in collective bargaining / Peter Donohue -- Promoting women's economic progress through affirmative action / M.V. Lee Badgett, Jeannette Lim -- Great work if you can get it: women in the skilled trades / Barbara Byrd -- Is teaching more girls more math the key to higher wages? / Catherine J. Weinberger -- A policy agenda to raise women's incomes in the United States / Mary C. King.
|
| 504 |
|
|
|a Includes bibliographical references and index.
|
| 650 |
|
0 |
|a Wages
|x Women
|z United States.
|
| 650 |
|
0 |
|a Pay equity
|z United States.
|
| 650 |
|
0 |
|a Sex discrimination in employment
|z United States.
|
| 700 |
1 |
|
|a King, Mary C.,
|d 1956-
|
| 945 |
|
|
|i PromptCat
|
| 948 |
|
|
|a cataloged
|b h
|c 2001/8/21
|d c
|e cmulkey
|f 2:57:30 pm
|
| 994 |
|
|
|a 92
|b TXA
|
| 999 |
|
|
|a MARS
|
| 999 |
f |
f |
|s 4a681958-bfbb-3a0f-ad26-4407c600ba3f
|i f8d03d50-f738-350e-8390-acf05977ac7b
|t 0
|
| 952 |
f |
f |
|p ric
|a Texas A&M University
|b Rellis Campus
|c Joint Library Facility
|d Remote Storage
|t 0
|e HD6061.2.U6 S72 2001
|h Library of Congress classification
|i unmediated -- volume
|m A14828082544
|
| 998 |
f |
f |
|a HD6061.2.U6 S72 2001
|t 0
|l Remote Storage
|